Sports Tourism : (Record no. 615216)

MARC details
000 -LEADER
fixed length control field 00474nam a2200193 a 4500
008 - FIXED-LENGTH DATA ELEMENTS--GENERAL INFORMATION
fixed length control field 260221s2010##################000#0#eng##
020 ## - INTERNATIONAL STANDARD BOOK NUMBER
ISBN 9788174455123
082 04 - DEWEY DECIMAL CLASSIFICATION NUMBER
Classification number 338.4791
Item number ARO
100 1# - MAIN ENTRY--AUTHOR NAME
Personal name Arora, R.K.,
245 10 - TITLE STATEMENT
Title Sports Tourism :
260 ## - PUBLICATION, DISTRIBUTION, ETC. (IMPRINT)
Year of publication 2010.
300 ## - PHYSICAL DESCRIPTION
Number of Pages 259 pages
650 #0 - SUBJECT ADDED ENTRY--TOPICAL TERM
Topical Term Sports and tourism.
942 ## - ADDED ENTRY ELEMENTS (KOHA)
Koha item type English Books
Holdings
Withdrawn status Lost status Damaged status Not for loan Home library Current library Shelving location Date acquired Full call number Accession Number Price effective from Koha item type
        Anna Centenary Library Anna Centenary Library 4TH FLOOR, A WING 21.02.2026 338.4791 ARO 495039 21.02.2026 English Books

Find us on the map